El defensor de la religión que se público en la ciudad de Guadalajara capital del estado de Jalisco para impugnar los errores de...

Detalles Bibliográficos
Formato: Libro
Publicado: Guadalajara 1830
Materias:
Colección:Banco de datos
Acervo:Biblioteca del Ex Convento de Nuestra Señora de Guadalupe. Zacatecas
Descripción Física:t. III
Tema general:Apologética
Notas:Buena. X,4,12(3032). Ex libris manuscrito del P. Zubía en la guarda. Sin marca de fuego
LEADER 00806nam a22001930004500
035 |a 42084 
036 |a 3268 
245 1 0 |a El defensor de la religión que se público en la ciudad de Guadalajara capital del estado de Jalisco para impugnar los errores de... 
260 |a Guadalajara  |b José Osorio Santos  |c 1830 
300 |a t. III 
500 |a Buena. X,4,12(3032). Ex libris manuscrito del P. Zubía en la guarda. Sin marca de fuego 
650 1 0 |a Apologética 
949 |a CRZ-CG 
959 |a Ex convento de Nuestra Señora de Guadalupe, Museo Regional de Zacatecas, Zacatecas  |b CCC4 
960 |a Convento de Nuestra Señora de Guadalupe, Zacatecas  |b DD87 
961 |a Franciscana  |b OF 
942 |c CRZ-CG 
943 |g Biblioteca del Ex Convento de Nuestra Señora de Guadalupe. Zacatecas 
999 |c 966211  |d 966211